| 000 | 00417 a2200145 4500 | ||
|---|---|---|---|
| 999 |
_c5966 _d5966 |
||
| 020 | _a9780074603130 | ||
| 050 | _aQD 171 RAM 1990 | ||
| 100 |
_aRaman, K.V. _eauthor |
||
| 245 |
_aGroup theory and its applications to chemistry/ _cK .V. Raman |
||
| 264 |
_aNew Delhi: _bTata McGraw- Hill Publishing , _c1990 |
||
| 300 |
_a202p.: _bill. |
||
| 500 | _aIncludes index | ||
| 650 | _aChemistry | ||
| 942 |
_2lcc _cBK _h171 _iRAM _kQD |
||